20 Countries With The Strongest Militaries - Statistics

General Stats
  • This quiz has been taken 166 times
    130 since last reset
  • The average score is 14 of 20
Answer Stats
Hint Answer % Correct
Most populated country in the world China
95%
13 stripes and 50 stars USA
95%
The queen UK
93%
Istanbul Turkey
90%
Has the greatest population increase since 2000 India
88%
Amazon River Brazil
85%
Has very superior nuclear technology Russia
81%
Jerusalem Israel
79%
Crepes France
75%
Persia Iran
74%
This is sometimes considered a continent Australia
72%
Lahore, Karachi, Islamabad Pakistan
72%
Has 2 other countries completely contained inside of it Italy
68%
2018 Winter Olympics South Korea
57%
Has the most active volcanoes Indonesia
56%
Capitals city's former name was Edo Japan
56%
Black Forest Germany
53%
La Liga Spain
53%
Location of an ancient civilization Egypt
50%
Has the biggest sports stadium in the world North Korea
33%
No matching quizzes found
Score Distribution
Percent of People with Each Score
Percentile by Number Answered
Your Score History
You have not taken this quiz since the last reset